ARRUPE JESUIT UNIVERSITY

CORONAVIRUS -STOP THE SPREAD - CLEAN,DISINFECT,COVER

The Routledge guidebook to Galileo's Dialogue / (Record no. 127351)

MARC details
000 -LEADER
fixed length control field 01312cam a2200337 i 4500
001 - CONTROL NUMBER
control field 17689607
003 - CONTROL NUMBER IDENTIFIER
control field ARRUPE
005 - DATE AND TIME OF LATEST TRANSACTION
control field 20180111120720.0
008 - FIXED-LENGTH DATA ELEMENTS--GENERAL INFORMATION
fixed length control field 130408s2014 nyu b 001 0 eng
010 ## - LIBRARY OF CONGRESS CONTROL NUMBER
LC control number 2013005749
020 ## - INTERNATIONAL STANDARD BOOK NUMBER
International Standard Book Number 9780415503679 (alk. paper)
020 ## - INTERNATIONAL STANDARD BOOK NUMBER
International Standard Book Number 9780415503686 (pbk. : alk. paper)
020 ## - INTERNATIONAL STANDARD BOOK NUMBER
Cancelled/invalid ISBN 9780203700303 (ebook)
040 ## - CATALOGING SOURCE
Original cataloging agency DLC
Language of cataloging eng
Description conventions rda
Transcribing agency DLC
Modifying agency DLC
042 ## - AUTHENTICATION CODE
Authentication code pcc
050 00 - LIBRARY OF CONGRESS CALL NUMBER
Classification number QB41.G138
Item number F56 2014
082 00 - DEWEY DECIMAL CLASSIFICATION NUMBER
Classification number 520
Edition number 23
300 ## - PHYSICAL DESCRIPTION
Dimensions 21 cm.
100 1# - MAIN ENTRY--PERSONAL NAME
Personal name Finocchiaro, Maurice A.,
Dates associated with a name 1942-
9 (RLIN) 38375
245 14 - TITLE STATEMENT
Title The Routledge guidebook to Galileo's Dialogue /
Statement of responsibility, etc Maurice A. Finocchiaro.
260 ## - PUBLICATION, DISTRIBUTION, ETC. (IMPRINT)
Place of publication, distribution, etc London
Name of publisher, distributor, etc Routledge
Date of publication, distribution, etc 2013
300 ## - PHYSICAL DESCRIPTION
Extent xviii, 357 p. ;
490 0# - SERIES STATEMENT
Series statement The Routledge guides to the great books
504 ## - BIBLIOGRAPHY, ETC. NOTE
Bibliography, etc Includes bibliographical references (pages [336]-343) and index.
600 10 - SUBJECT ADDED ENTRY--PERSONAL NAME
Personal name Galilei, Galileo,
Dates associated with a name 1564-1642.
Title of a work Dialogo dei massimi sistemi.
9 (RLIN) 38376
650 #0 - SUBJECT ADDED ENTRY--TOPICAL TERM
Topical term or geographic name as entry element Astronomy.
9 (RLIN) 6632
651 #0 - SUBJECT ADDED ENTRY--GEOGRAPHIC NAME
Geographic name Solar system.
9 (RLIN) 13921
906 ## - LOCAL DATA ELEMENT F, LDF (RLIN)
a 7
b cbc
c orignew
d 1
e ecip
f 20
g y-gencatlg
942 ## - ADDED ENTRY ELEMENTS (KOHA)
Source of classification or shelving scheme Library of Congress Classification
Koha item type Monograph ( Printed materials)
Holdings
Withdrawn status Lost status Source of classification or shelving scheme Damaged status Not for loan Collection code Home library Current library Shelving location Date acquired Total Checkouts Full call number Barcode Date last seen Price effective from Koha item type
    Library of Congress Classification     Main Collection ARRUPE LIBRARY ARRUPE LIBRARY Main Collection 11/01/2018   QB41.G138 F56 2014 46600001258 02/07/2019 11/01/2018 Monograph ( Printed materials)

 

Arrupe Library. PO Box MP320 Mt Pleasant, Harare, Zimbabwe
263 242 745411|librarian@aju.ac.zw